[Event "North Germany-chT U14 Girls"]
[Site "Guestrow"]
[Date "2013.09.15"]
[Round "5.2"]
[White "Riebe, Leonie"]
[Black "Christiansen, Anna"]
[Result "0-1"]
[WhiteElo "719"]
[BlackElo "1062"]
[PlyCount "34"]
[EventDate "2013.09.13"]
[EventType "team-swiss"]
[EventRounds "5"]
[EventCountry "GER"]
[SourceTitle "EXT 2017"]
[Source "ChessBase"]
[SourceDate "2016.10.25"]
[SourceVersion "1"]
[SourceVersionDate "2016.10.25"]
[SourceQuality "1"]
[WhiteTeam "Eintracht Neubrandenburg"]
[BlackTeam "Hamburg Schachelschweine"]
[WhiteTeamCountry "GER"]
[BlackTeamCountry "GER"]

1. e4 e5 2. Nf3 Nc6 3. Bc4 Bc5 4. Nc3 Nf6 5. d3 d6 6. Bg5 Be6 7. Be3 Bb6 8. g3 Qd7 9. 0-0 Nd4 10. Ng5 Bg4 11. Qd2 h6 12. Nxf7 Nf3+ 13. Kg2 Nxd2 14. Bxd2 Bh3+ 15. Kg1 Qg4 16. Nxh8 Qf3 17. Rfe1 Qg2# 0-1

[Event "GER-chT North U14 Girls"]
[Site "Guestrow"]
[Date "2012.09.07"]
[Round "2.3"]
[White "Riebe, Leonie"]
[Black "Hinzke, Anna Lena"]
[Result "0-1"]
[WhiteElo "717"]
[BlackElo "1477"]
[PlyCount "66"]
[EventDate "2012.09.07"]
[EventType "team-swiss"]
[EventRounds "5"]
[EventCountry "GER"]
[SourceTitle "EXT 2015"]
[Source "ChessBase"]
[SourceDate "2014.11.20"]
[SourceVersion "1"]
[SourceVersionDate "2014.11.20"]
[SourceQuality "1"]
[WhiteTeam "Neubrandenburg"]
[BlackTeam "Oesede Georgsmarienhuette"]
[WhiteTeamCountry "GER"]
[BlackTeamCountry "GER"]

1. e4 e6 2. Nc3 d5 3. Nf3 c5 4. Bb5+ Bd7 5. Bf1 Nf6 6. d3 Nc6 7. Bg5 Be7 8. Qd2 0-0 9. 0-0-0 Qa5 10. Qe1 d4 11. Ne2 Qxa2 12. h4 Qa1+ 13. Kd2 Qa5+ 14. Kc1 Nb4 15. g3 Qa1+ 16. Kd2 Qxb2 17. Rc1 Ba4 18. Qd1 Nxd3 19. Ra1 Nxe4+ 20. Kxd3 Nxf2+ 21. Kd2 Bxg5+ 22. Ke1 Nxd1 23. Kxd1 Qxa1+ 24. Nc1 Qxc1+ 25. Ke2 Qxc2+ 26. Ke1 Bd8 27. Rh2 Ba5+ 28. Nd2 Qd1+ 29. Kf2 Qxd2+ 30. Kg1 Qe3+ 31. Kg2 Bc6+ 32. Kh3 Bc7 33. Re2 Qxg3# 0-1